Грамматика бурятского языка : (Record no. 517366)
[ view plain ]
| 000 -LEADER | |
|---|---|
| fixed length control field | 00836-am-a2200193-a-4500 |
| 001 - CONTROL NUMBER | |
| control field | 000083235 |
| 003 - CONTROL NUMBER IDENTIFIER | |
| control field | AM-YEHGA |
| 005 - DATE AND TIME OF LATEST TRANSACTION | |
| control field | 20250617164055.0 |
| 008 - FIXED-LENGTH DATA ELEMENTS--GENERAL INFORMATION | |
| fixed length control field | 980519s1962 xxu 000 0 rus u |
| 040 ## - CATALOGING SOURCE | |
| Original cataloging agency | AM-YeHGA |
| 090 ## - LOCALLY ASSIGNED LC-TYPE CALL NUMBER (OCLC); LOCAL CALL NUMBER (RLIN) | |
| -- | 520917 |
| 245 10 - TITLE STATEMENT | |
| Title | Грамматика бурятского языка : |
| Remainder of title | Фонетика и морфология / |
| Statement of responsibility, etc. | Отв. ред. Г.Д. Санжеев и др. |
| 260 0# - PUBLICATION, DISTRIBUTION, ETC. | |
| Place of publication, distribution, etc. | Москва : |
| Name of publisher, distributor, etc. | Изд-во вост. лит., |
| Date of publication, distribution, etc. | 1962. |
| 300 ## - PHYSICAL DESCRIPTION | |
| Extent | 339 с. ; |
| Dimensions | 25 см. |
| 550 ## - ISSUING BODY NOTE | |
| Issuing body note | АН СССР. Ин-т языкознания.Ин-т народов Азии.Бурятский комплексный научно-исследовательский институт |
| 650 #4 - SUBJECT ADDED ENTRY--TOPICAL TERM | |
| Topical term or geographic name entry element | Бурятский язык |
| 700 10 - ADDED ENTRY--PERSONAL NAME | |
| Personal name | Санжеев, Г.Д. |
| Relationship | edt |
| 700 1# - ADDED ENTRY--PERSONAL NAME | |
| Personal name | Бертагаев, Т.А. |
| Relationship | edt |
| Withdrawn status | Lost status | Damaged status | Not for loan | Collection | Home library | Current library | Date acquired | Total checkouts | Full call number | Barcode | Date last seen | Price effective from | Koha item type | Public note |
|---|---|---|---|---|---|---|---|---|---|---|---|---|---|---|
| General | Fundamental Scientific Library | Fundamental Scientific Library | 13/10/2021 | РII/63944 | FL0658546 | 13/10/2021 | 13/10/2021 | Գրքեր / Books | 30 Days Loan |
ՀՀ Գիտությունների ազգային ակադեմիայի հիմնարար գիտական գրադարան = Fundamental Scientific Library of NAS RA
All site content, except where otherwise noted, is licensed under a